Nursing ethics : (Record no. 10883)
[ view plain ]
| 000 -LEADER | |
|---|---|
| fixed length control field | 02100cam a22003854a 4500 |
| 001 - CONTROL NUMBER | |
| control field | 14882492 |
| 005 - DATE AND TIME OF LATEST TRANSACTION | |
| control field | 20081218164214.0 |
| 008 - FIXED-LENGTH DATA ELEMENTS--GENERAL INFORMATION | |
| fixed length control field | 070606s2008 mau b 001 0 eng |
| 010 ## - LIBRARY OF CONGRESS CONTROL NUMBER | |
| LC control number | 2007023655 |
| 016 7# - NATIONAL BIBLIOGRAPHIC AGENCY CONTROL NUMBER | |
| Record control number | 101308688 |
| Source | DNLM |
| 020 ## - INTERNATIONAL STANDARD BOOK NUMBER | |
| International Standard Book Number | 9780763748982 (alk. paper) |
| 020 ## - INTERNATIONAL STANDARD BOOK NUMBER | |
| International Standard Book Number | 0763748986 (alk. paper) |
| 035 ## - SYSTEM CONTROL NUMBER | |
| System control number | (OCoLC)141178252 |
| 040 ## - CATALOGING SOURCE | |
| Original cataloging agency | DNLM/DLC |
| Transcribing agency | DLC |
| Modifying agency | NLM |
| -- | BAKER |
| -- | BTCTA |
| -- | YDXCP |
| -- | C#P |
| -- | TSU |
| -- | MUQ |
| -- | DLC |
| 042 ## - AUTHENTICATION CODE | |
| Authentication code | pcc |
| 050 00 - LIBRARY OF CONGRESS CALL NUMBER | |
| Classification number | RT85 |
| Item number | .B78 2008 |
| 060 00 - NATIONAL LIBRARY OF MEDICINE CALL NUMBER | |
| Classification number | 2008 B-064 |
| 060 10 - NATIONAL LIBRARY OF MEDICINE CALL NUMBER | |
| Classification number | WY 85 |
| Item number | B988n 2008 |
| 082 00 - DEWEY DECIMAL CLASSIFICATION NUMBER | |
| Classification number | 174.2 |
| Edition number | 22 |
| Item number | BUT |
| 100 1# - MAIN ENTRY--PERSONAL NAME | |
| Personal name | Butts, Janie B. |
| 245 10 - TITLE STATEMENT | |
| Title | Nursing ethics : |
| Remainder of title | across the curriculum and into practice / |
| Statement of responsibility, etc | Janie B. Butts, Karen L. Rich. |
| 250 ## - EDITION STATEMENT | |
| Edition statement | 2nd ed. |
| 260 ## - PUBLICATION, DISTRIBUTION, ETC. (IMPRINT) | |
| Place of publication, distribution, etc | Sudbury, Mass. : |
| Name of publisher, distributor, etc | Jones and Bartlett Publishers, |
| Date of publication, distribution, etc | c2008. |
| 300 ## - PHYSICAL DESCRIPTION | |
| Extent | xviii, 562 p. ; |
| Dimensions | 23 cm. |
| 504 ## - BIBLIOGRAPHY, ETC. NOTE | |
| Bibliography, etc | Includes bibliographical references and index. |
| 505 0# - FORMATTED CONTENTS NOTE | |
| Formatted contents note | Introduction to ethical philosophy, theories, and approaches -- Introduction to bioethics, nursing ethics, and ethical decision making -- Ethics and professional nursing practice -- Ethics in organizations and leadership -- Reproductive issues and nursing ethics -- Infant and child nursing ethics -- Adolescent nursing ethics -- Adult health nursing ethics -- Psychiatric/mental health nursing ethics -- Ethics and the nursing care of elders -- Community/public health nursing ethics -- Ethical issues in end-of-life nursing care. |
| 650 #0 - SUBJECT ADDED ENTRY--TOPICAL TERM | |
| Topical term or geographic name as entry element | Nursing ethics. |
| 650 12 - SUBJECT ADDED ENTRY--TOPICAL TERM | |
| Topical term or geographic name as entry element | Ethics, Nursing. |
| 700 1# - ADDED ENTRY--PERSONAL NAME | |
| Personal name | Rich, Karen, |
| Titles and other words associated with a name | MN. |
| 856 41 - ELECTRONIC LOCATION AND ACCESS | |
| Materials specified | Table of contents only |
| Uniform Resource Identifier | <a href="http://www.loc.gov/catdir/toc/ecip0720/2007023655.html">http://www.loc.gov/catdir/toc/ecip0720/2007023655.html</a> |
| 942 ## - ADDED ENTRY ELEMENTS (KOHA) | |
| Source of classification or shelving scheme | Dewey Decimal Classification |
| Item type | Book - Borrowing |
| Withdrawn status | Item status | Source of classification or shelving scheme | Damaged status | Not for loan | Vendor | Home library | Current library | Shelving location | Date acquired | Source of acquisition | Cost, normal purchase price | Serial Enumeration / chronology | Total Checkouts | Total Renewals | Full call number | Barcode | Date last seen | Date last borrowed | Koha item type |
|---|---|---|---|---|---|---|---|---|---|---|---|---|---|---|---|---|---|---|---|
| Dewey Decimal Classification | Academic Bookshop | Central Library | Central Library | Lower Floor | 18/02/2009 | 240.00 | 328 | 9 | 65 | 174.2 BUT | 000014629 | 15/07/2025 | 06/03/2023 | Book - Borrowing | |||||
| Dewey Decimal Classification | Academic Bookshop | Central Library | Central Library | Lower Floor | 18/02/2009 | 240.00 | 328 | 7 | 9 | 174.2 BUT | 000014719 | 15/07/2025 | 13/11/2022 | Book - Borrowing |